000 01189nam0a22003371 4500
001 rc\448459
005 20250621090712.0
010 _bВ пер.
_d1 р.
_92500
021 _aRU
_b87-42107
035 _a(NLR Aleph) 005693699
090 _a7203281
_c7203281
100 _a20030616d1987 |||y0rusy50 ca
101 0 _arus
102 _aRU
105 _aa z||||||||
200 1 _aПерсик
_fС.А. Соколова, Б.В. Соколов
205 _a2-е изд., перераб. и доп.
210 _aКишинев
_cКартя молдовеняскэ
_d1987
215 _a325, [2] с.
_cил.
_d22
320 _aБиблиогр.: с. 317-326
606 1 _aПерсики
_xКультура
_yМолдавская ССР
_91866282
_3RU\NLR\AUTH\66846854
686 0 _aП256.3,0
_2rubbk
700 1 _aСоколова
_bС. А.
_gСофья Алексеевна
701 1 _aСоколов
_bБ. В.
_cканд. с.-х. наук
_gБорис Владимирович
_9220374
_3RU\NLR\AUTH\770220430
801 0 _aRU
_bNLR
_gpsbo
801 1 _aRU
_bELAR
_2rusmarc
801 2 _aRU
_bNLR
_c20150813
_2rusmarc
852 _aNLR
_j87-3/6264
942 _cBOOK
980 _aNB